000 00428nam a2200157Ia 4500
005 20250224151043.0
008 231217s9999 xx 000 0 und d
020 _a9788131401262
082 _a659 MAN;1 R
100 _aMankad, Neeraj ed.
245 0 _aReinventing advertising : the new reality
260 _c2006
_bICFAI Press
_aHyderabad
300 _aix, 187
650 _aReinventing,advertising,reality
942 _cAA
999 _c191176
_d191176